<?xml version="1.0" encoding="UTF-8"?>
<collection xmlns="http://www.loc.gov/MARC21/slim">
 <record>
  <leader>01277nam a2200217 a 4500</leader>
  <controlfield tag="001">1/46860</controlfield>
  <controlfield tag="008">161221s2011    gr aco        00110 gre  </controlfield>
  <datafield tag="035" ind1=" " ind2=" ">
   <subfield code="l">49839</subfield>
  </datafield>
  <datafield tag="040" ind1=" " ind2=" ">
   <subfield code="a">GR-PeUP</subfield>
  </datafield>
  <datafield tag="082" ind1="0" ind2="0">
   <subfield code="a">889.32 ΜΟΡ</subfield>
  </datafield>
  <datafield tag="110" ind1="2" ind2=" ">
   <subfield code="a">Μορφωτικό Ίδρυμα Ε.Σ.Η.Ε.Α.</subfield>
  </datafield>
  <datafield tag="245" ind1="1" ind2="2">
   <subfield code="a">Ο Παπαδιαμάντης μας:</subfield>
   <subfield code="b">Ημερολόγιο 2011 /</subfield>
   <subfield code="c">επιμέλεια Δημήτρης Γκιώνης, Ηλίας Γκρης.</subfield>
  </datafield>
  <datafield tag="260" ind1="0" ind2=" ">
   <subfield code="a">Αθήνα:</subfield>
   <subfield code="b">Μορφωτικό Ίδρυμα Ε.Σ.Η.Ε.Α.,</subfield>
   <subfield code="c">2011</subfield>
  </datafield>
  <datafield tag="300" ind1=" " ind2=" ">
   <subfield code="a">172 σ.:</subfield>
   <subfield code="c">23 εκ.</subfield>
  </datafield>
  <datafield tag="504" ind1=" " ind2=" ">
   <subfield code="a">Περιέχει ευρετήριο. Ο Πέτρος Ζουμπουλάκης φιλοτέχνησε τα σκίτσα του Παπαδιαμάντη ειδικά για την έκδοση αυτή.</subfield>
  </datafield>
  <datafield tag="600" ind1="1" ind2="4">
   <subfield code="a">Παπαδιαμάντης, Αλέξανδρος</subfield>
   <subfield code="d">1851-1911.</subfield>
  </datafield>
  <datafield tag="600" ind1="1" ind2="4">
   <subfield code="a">Παπαδιαμάντης, Αλέξανδρος</subfield>
   <subfield code="d">1851-1911</subfield>
   <subfield code="x">φωτογραφικά λευκώματα.</subfield>
  </datafield>
  <datafield tag="650" ind1=" " ind2="4">
   <subfield code="a">Νεώτερη ελληνική λογοτεχνία</subfield>
   <subfield code="x">Πεζογραφία.</subfield>
  </datafield>
  <datafield tag="700" ind1="1" ind2=" ">
   <subfield code="a">Γκιώνης, Δημήτρης.</subfield>
  </datafield>
  <datafield tag="700" ind1="1" ind2=" ">
   <subfield code="a">Γκρης, Ηλίας.</subfield>
  </datafield>
  <datafield tag="852" ind1=" " ind2=" ">
   <subfield code="a">INST</subfield>
   <subfield code="b">UNIPILB</subfield>
   <subfield code="c">MAIN</subfield>
   <subfield code="e">20161221</subfield>
   <subfield code="h">889.32 ΜΟΡ</subfield>
   <subfield code="p">00176673</subfield>
   <subfield code="q">00176673</subfield>
   <subfield code="t">NOLOAN</subfield>
   <subfield code="y">23</subfield>
   <subfield code="4">1</subfield>
  </datafield>
 </record>
</collection>
